00624nam a2200217 a 4500001001300000003000900013005001700022008004100039020000800080082001600088100001800104245003900122260003200161300000900193500003500202505001000237902000800247942000700255952012700262999001700389nice12345678IN_TiNIC20260116015143.0050524s1978 lona grp 000 0 eng  ac000a362.76bKEM aKempe, Ruth S aChild Abuseb the Developing Child aLondonbFontana Booksc1978 a157p aincludes index and biblioraphy2 aIndex bSRS cBK 001040708StackRoom-aHMIbHMId2005-05-24g0.00l1o362.76 KEMp11001312r2022-07-12s2022-07-04v0.00w2005-05-24yBK c18529d18529